000
00264nam a2200097Ia 4500
001
687365
005
20250826161554.0
008
250824s9999 xx 000 0 und d
245
0
_a
MUTSUZ PALYAÇOLAR ÖRGÜTÜ
_c
NESLİHAN ÖNDEROĞLU
260
_b
GÜNIŞIĞI YAYINLARI
999
_c
687365
_d
687365